Archaeology of medieval Greece

Αποθηκεύτηκε σε:
Λεπτομέρειες βιβλιογραφικής εγγραφής
Άλλοι συγγραφείς: Lock, Peter 1949- (Επιμελητής έκδοσης), Sanders, G. D. R. (Επιμελητής έκδοσης)
Μορφή: Βιβλίο
Γλώσσα:English
Δημοσίευση: Oxford : Oxbow Books, c1996
Σειρά:Oxbow monograph ; ; 59
Θέματα:
Ετικέτες: Προσθήκη ετικέτας
Δεν υπάρχουν, Καταχωρήστε ετικέτα πρώτοι!

MARC

LEADER 00000nam a2200000 i 4500
001 1/69296
008 981102s1996 eng d
020 |a 1-900188-03-1 
035 |l 10030351 
040 |a GR-MY-UA  |b gre  |e aacr 
041 0 |a eng 
082 0 |a 938 
245 1 0 |a Archaeology of medieval Greece /  |c edited by Peter Lock and G. D. R. Sanders 
260 |a Oxford :   |b Oxbow Books,   |c c1996 
300 |a 192 p.  |b fig.; ill. 
490 1 |a Oxbow monograph  |v ; 59 
504 |a Includes bibliographical references  
650 0 0 |a Archaeology, Medieval. 
650 0 0 |a Excavations (Archaeology)  |z Greece. 
651 0 |a Greece  |x Antiquities. 
700 1 |a Lock, Peter  |d 1949-  |4 edt 
700 1 |a Sanders, G. D. R.  |4 edt 
830 0 |a Oxbow monograph ;  |v ; 59 
852 |a INST  |b LESVOS  |e 19981102  |h 938 ARC  |p 005100018614  |q 005100018614  |t BK  |y 0 
901 |a BIBL-1999-1 
909 |a Λ  |b 059935 
922 |a 1ΕΛΗ  |b 199810  |c ΚΠΣ/ΤΓ  |d ΠΑΠΑΣΩΤΗΡΙΟΥ 
950 |a 118-1998-07-18